The Witcher 3: All Witcher Signs - Statistics

General Stats
  • This quiz has been taken 30 times
  • The average score is 4 of 5
Answer Stats
Picture Hint Answer % Correct
Fire Igni
96%
Force Aard
88%
Shield Quen
83%
Mind Axii
79%
Trap Yrden
79%
No matching quizzes found
Score Distribution
Percent of People with Each Score
Percentile by Number Answered
Your Score History
You have not taken this quiz